| 000 | 01750nam1a22004219i 4500 | ||
|---|---|---|---|
| 001 | RU\NLR\b_ik\64108 | ||
| 005 | 20240725220636.0 | ||
| 010 | _a3820414665 | ||
| 035 | _a(NLR Aleph) 002138577 | ||
| 090 |
_a2236831 _c2236831 |
||
| 100 | _a19950127d1988 |||y1rusy50 ba | ||
| 101 | 0 | _arus | |
| 102 | _aRU | ||
| 105 | _a||||||||||||| | ||
| 200 | 1 |
_aLiteratur, Musik und Gesellschaft in Italien und Österreich in der Epoche Napoleons und der Restauration _eStudien zu Giuseppe Carpani _fHelmut C. Jacobs |
|
| 210 |
_aFrankfurt a.M. _cLang _dcop. 1988 |
||
| 215 | _d21 | ||
| 225 | 1 |
_aBonner romanistische Arb. _x0170-821X _vBd. 28 |
|
| 320 | _aБиблиогр. в подстроч. примеч | ||
| 463 | 0 |
_12000#$aT. 1 _1215##$a440 c.$cил., портр., нот _tT. 1 |
|
| 463 | 0 |
_12000#$aT. 2 _1215##$a[3], 441-893 c. _tT. 2 |
|
| 541 | 0 | _aЛитература,музыка и общества в Италии и Австрии в эпоху Наполеона и Реставрации ?Изучение творчества Карпани). | |
| 606 | 0 |
_aКарпани,Джузеппе,1751-1825 _2nlr-sh1 |
|
| 606 | 0 |
_aМузыка,итальянская,19в. _2nlr-sh1 |
|
| 606 | 0 |
_aМузыка,австрийская,19в. _2nlr-sh1 |
|
| 686 | 0 |
_aШ5(4Ит)52-4Карпани _2rubbk |
|
| 686 | 0 |
_aЩ313(4Ит)5 _2rubbk |
|
| 686 | 0 |
_aЩ313(4А)5 _2rubbk |
|
| 700 | 1 |
_aJacobs _bHelmut C _4070 |
|
| 702 | 1 |
_aCarpani _bGiuseppe |
|
| 801 | 0 |
_aRU _bNLR _c19950127 _gPSBO |
|
| 801 | 1 |
_aRU _bNLR _c20011025 |
|
| 852 |
_aNLR _jЛ51 Д-3/5980 |
||
| 942 | _cBOOK | ||